<?xml version="1.0" encoding="UTF-8"?>
<record
    xmlns:xsi="http://www.w3.org/2001/XMLSchema-instance"
    xsi:schemaLocation="http://www.loc.gov/MARC21/slim http://www.loc.gov/standards/marcxml/schema/MARC21slim.xsd"
    xmlns="http://www.loc.gov/MARC21/slim">

  <leader>02880nam a22002057a 4500</leader>
  <controlfield tag="003">CUTN</controlfield>
  <controlfield tag="005">20260106162613.0</controlfield>
  <controlfield tag="008">220922b        |||||||| |||| 00| 0 eng d</controlfield>
  <datafield tag="020" ind1=" " ind2=" ">
    <subfield code="a">9789380235479</subfield>
  </datafield>
  <datafield tag="041" ind1=" " ind2=" ">
    <subfield code="a">English</subfield>
  </datafield>
  <datafield tag="082" ind1=" " ind2=" ">
    <subfield code="a">635</subfield>
    <subfield code="b">PET</subfield>
  </datafield>
  <datafield tag="100" ind1=" " ind2=" ">
    <subfield code="a"> Peter, K. V.</subfield>
  </datafield>
  <datafield tag="245" ind1=" " ind2=" ">
    <subfield code="a">The science of horticulture /</subfield>
    <subfield code="b">Vol. 1</subfield>
  </datafield>
  <datafield tag="260" ind1=" " ind2=" ">
    <subfield code="a">New Delhi</subfield>
    <subfield code="b">New India Publishing Agency</subfield>
    <subfield code="c">2011</subfield>
  </datafield>
  <datafield tag="300" ind1=" " ind2=" ">
    <subfield code="b">426 pages, </subfield>
    <subfield code="c">25cm</subfield>
  </datafield>
  <datafield tag="505" ind1=" " ind2=" ">
    <subfield code="t">1. Geographical indications and TRIPS Agreement by Latha R. Nair 2. Principles of Hi-Tech horticulture by Patil A.A., Mantur S.M., Biradar, M.S. and Mannikeri, I.M. 3. Science behind tracer studies in horticulture by S.C. Kotur. 4. Principles of Germplasm conservation by S.D. Doijode. 5. Advances in research on male sterility by R.K. Dhall. 6. The polyembryony.the basics by Kundan Kishore. 7. Principles of food irradiation by P.C. Tripathi. 8. History of plant pathology of horticultural crops by Veena Ashok. 9. History of plant breeding with emphasis on vegetables by Peter K.V. and Pradeep Kumar T. 10. Basics in vegetable seed technology by Kanwar J.S. and Geetha Bassi. 11. Use of plant growth promoting Rhizobacteria (PGPR) in vegetable crops by Sadhan Kumar P.G. and Nirmala Devi S. 12. Methodology for gene sequencing in plants by Jayalakshmy V.G. 13. Molecular tools for characterization of horticultural crops by Behera, T.K. and Sabina Islam. 14. Transgenic ornamentals with reduced ethylene production and perception by Shigeru Satoh, Yusuke Kosugi and Takako Narumi. 15. Tuber crops biotechnology by Sheela M.N. and Rajmohan K. 16. Viticulture in the Napa Valley.a farmers perspective by Richard Mendelson and Robert Steinhauer.</subfield>
  </datafield>
  <datafield tag="520" ind1=" " ind2=" ">
    <subfield code="a">"The Science of Horticulture' exposes all the stake holders-students, scientists, extension officers, farmers, policy planners to recent scientific research findings in horticulture. Marketing of horticulture produces has assumed prime importance in a global market with establishment of World Trade Organisation (WTO). Many trade related agreements were signed among over 110 countries. The Agreement on Trade Related Aspects of Intellectual Property Rights (TRIPS Agreement) specifically represents the resolve of al member countries to use intellectual property as one of the means of achieving economic balance and diminishing the trade barrieThe legislative history elaborates the genesis of TRIPS agreement, General Agreement on Tariffs and Trade (GATT), Madrid Agreement, Chairman's draft, Dunkel draft, general protection under article 22 and certain aspects of TRIPS definition. Malabar Pepper, Alleppy Green Cardamom, Assam Tea, Darjeeling Tea, Nilgiri Tea and Coorge Orange are a few horticultural crops which got registered under Gi appellation. The I is contributed by Latha S. Nair, Intellectual Property Firm, Gurgaon.</subfield>
  </datafield>
  <datafield tag="690" ind1=" " ind2=" ">
    <subfield code="a">Horticulture</subfield>
  </datafield>
  <datafield tag="942" ind1=" " ind2=" ">
    <subfield code="2">ddc</subfield>
    <subfield code="c">BOOKS</subfield>
  </datafield>
  <datafield tag="999" ind1=" " ind2=" ">
    <subfield code="c">38147</subfield>
    <subfield code="d">38147</subfield>
  </datafield>
  <datafield tag="952" ind1=" " ind2=" ">
    <subfield code="0">0</subfield>
    <subfield code="1">0</subfield>
    <subfield code="2">ddc</subfield>
    <subfield code="4">0</subfield>
    <subfield code="7">0</subfield>
    <subfield code="8">NFIC</subfield>
    <subfield code="a">CUTN</subfield>
    <subfield code="b">CUTN</subfield>
    <subfield code="c">600</subfield>
    <subfield code="d">2022-09-22</subfield>
    <subfield code="l">0</subfield>
    <subfield code="o">635 PET</subfield>
    <subfield code="p">44524</subfield>
    <subfield code="r">2022-09-22 00:00:00</subfield>
    <subfield code="w">2022-09-22</subfield>
    <subfield code="y">BOOKS</subfield>
  </datafield>
  <datafield tag="952" ind1=" " ind2=" ">
    <subfield code="0">0</subfield>
    <subfield code="1">0</subfield>
    <subfield code="2">ddc</subfield>
    <subfield code="4">0</subfield>
    <subfield code="7">0</subfield>
    <subfield code="8">NFIC</subfield>
    <subfield code="a">CUTN</subfield>
    <subfield code="b">CUTN</subfield>
    <subfield code="c">600</subfield>
    <subfield code="d">2026-01-06</subfield>
    <subfield code="l">0</subfield>
    <subfield code="o">635 PET</subfield>
    <subfield code="p">52471</subfield>
    <subfield code="r">2026-01-06 16:27:16</subfield>
    <subfield code="w">2026-01-06</subfield>
    <subfield code="y">RB</subfield>
  </datafield>
</record>
